Strzelcy bramek dla Polski el MŚ 2014 - Statystyki

Ogólne statystyki
  • Ten quiz został rozwiązany 155 razy
  • Średni wynik to 5 z 10
Statystyki odpowiedzi
gole piłkarz % Poprawnych
3 Robert Lewandowski
100%
4 Jakub Błaszczykowski
90%
1 Kamil Glik
82%
2 Łukasz Piszczek
76%
2 Piotr Zieliński
53%
2 Adrian Mierzejewski
40%
1 Jakub Wawrzyniak
38%
1 Łukasz Teodorczyk
26%
1 Waldemar Sobota
24%
1 Jakub Kosecki
19%
Nie znaleziono quizów pasujących do podanych kryteriów
Rozkład punktacji
Procent ludzi z każdym wynikiem
Percentyl według liczby udzielonych odpowiedzi
Twoja historia wyników
Nie rozwiązałeś tego quizu